| 000 | 00359 a2200121 4500 | ||
|---|---|---|---|
| 001 | ART_47596 | ||
| 005 | 20260410161630.0 | ||
| 008 | 260409a | ||
| 245 | 1 | 0 | _aRegistros contables digitales en la legislación societaria |
| 100 | 1 | _aGarrido, Elisabet G. | |
| 700 | 1 | _aCampo, Ana María | |
| 773 | 0 |
_tEnfoques _g- N°9 (sep. 2018) _wREV416 |
|
| 999 |
_c12405 _d12405 |
||